00824nam a2200241 a 450000100060000000300080000600500170001400800410003103500190007204000360009104100080012708200270013510000330016224500850019526000380028030000190031850400190033765000220035665000290037894200120040799900170041995201460043669440BD-RjUL20211209081905.0170411s1950 ne 001 0 eng d a(BD-RjUL)69651 aDLC/ICUcICUdDLCdBD-RjULbeng aeng00223a512.9434bSCI 19501 aSchwerdtfeger, Hans.915262010aIntroduction to linear algebra and the theory of matrices /cHans Schwerdtfeger. aGroningen :bP. Noordhoff,c1950. a279 p.c24 cm. aIncludes index 0aMatrices.9205682 0aAlgebras, Linear9205683 2ddccBK c69440d69440 00102ddc40718NFICaRUCLbRUCLcReadingd1955-09-22eB. H. Blacwellg15.00l0o512.9434 SCI 1950r2017-04-11 00:00:00tC-1w2017-04-11yBK